000 00519nam a22001817a 4500
005 20230821111050.0
008 230818b |||||||| |||| 00| 0 eng d
020 _a978-93-5465-376-6
041 _aeng
082 _a612 MAH-E
100 _aMAHESHWARI, J AND MHASKAR, VIKRAM
_98112
245 _aESSENTIAL ORTHOPAEDICS: INCLUDING CLINICAL METHODS BASED ON EDUCATION CURRICULUM OF NMC
250 _a7TH ED,2022
260 _aNEW DELHI
_bJAYPEE BROTHERS
_c2022
300 _a378;p
650 _aBPT
_98113
942 _cBK
999 _c8388
_d8386